| 000 | 00603cam a22002291 4500 | ||
|---|---|---|---|
| 001 | sa 67004987 | ||
| 003 | DLC | ||
| 005 | 20260227112352.0 | ||
| 008 | 770421s1966 ii 000 1 eng | ||
| 010 | _asa 67004987 | ||
| 035 | _a(OCoLC)2905501 | ||
| 040 |
_aDLC _cTxFTC _dTxFTC _dDLC |
||
| 050 | 0 | 0 |
_aPZ3.A535 _bTw7 _aPR9499.3.A5 |
| 100 | 1 |
_aAnand, Mulk Raj, _d1905-2004. |
|
| 245 | 1 | 0 | _aTwo leaves and a bud. |
| 250 | _a[2d Indian ed.] | ||
| 260 |
_aBombay, _bKutub-Popular _c[1966] |
||
| 300 |
_a276 p. _c19 cm. |
||
| 500 | _aA novel. | ||
| 500 | _a"Third reprint." | ||
| 651 | 0 |
_aIndia _vFiction. |
|
| 999 |
_c74877 _d74877 |
||